Prekonané antické myšlienky?: Relevantnosť Aristotelovej politickoekonomickej filozofie pre súčasnosť
Aristoteles patrí medzi najvplyvnejších mysliteľov dejín západnej intelektuálnej tradície. Viaceré jeho myšlienky sú v spoločenských vedách po viac ako dvoch tisícok rokov naďalej prítomné. Relevantnosť Aristotelovej politicko-ekonomickej filozofie pre súčasnosť.
Guardado en:
| Autor principal: | |
|---|---|
| Formato: | Capítulo de libro |
| Lenguaje: | eslovaco |
| Materias: | |
| Etiquetas: |
Sin Etiquetas, Sea el primero en etiquetar este registro!
|
MARC
| LEADER | 00000nla a2200000 4500 | ||
|---|---|---|---|
| 001 | 0226125 | ||
| 005 | 20240502073720.1 | ||
| 041 | 0 | |a slo | |
| 044 | |a SK | ||
| 245 | 1 | 0 | |a Prekonané antické myšlienky?: Relevantnosť Aristotelovej politickoekonomickej filozofie pre súčasnosť |c Marcel Čas |
| 520 | |a Aristoteles patrí medzi najvplyvnejších mysliteľov dejín západnej intelektuálnej tradície. Viaceré jeho myšlienky sú v spoločenských vedách po viac ako dvoch tisícok rokov naďalej prítomné. Relevantnosť Aristotelovej politicko-ekonomickej filozofie pre súčasnosť. | ||
| 610 | 2 | 0 | |a dejiny filozofie |
| 610 | 2 | 0 | |a dejiny myslenia ekonomického |
| 610 | 2 | 0 | |a Aristoteles |
| 100 | 1 | |a Čas, Marcel | |